000 00481nam a2200181Ia 4500
001 7348
005 20260306160449.0
008 260306t2009||||xx |||||||||||||| ||spa||
041 _aESP
082 _a338.543
_bC89
100 _aAlarcó, Germán (comp.)
_eAUT
245 0 _aCrisis:
_banálisis y perspectivas de la crisis económica mundial desde el Perú
260 _c2009
300 _a386 páginas :
_c23 cm.
650 _aGEN
654 _aCAN
942 _cLIB
_dJUS
_fJUS
_2ddc
_n
999 _c7348
_d7348